Schopnosti, zručnosti a postoje manažérov a ich vplyv na vodcovský potenciál

Zisťovanie zručností, schopností a postojov súčasných manažérov v slovenskej podnikateľskej praxi. Dôležitosť zručností a schopností pre výkon manažérskej praxe a rozvoj vodcovského potenciálu. Preferencie dôležitosti slovenských manažérov v oblasti osobných a pracovných hodnôt, ktoré ovplyvňujú aj...

ver descrição completa

Na minha lista:
Detalhes bibliográficos
Autor principal: Procházková, Katarína, 1983-
Formato: Capítulo de Livro
Idioma:eslovaco
Assuntos:
Tags: Adicionar Tag
Sem tags, seja o primeiro a adicionar uma tag!

MARC

LEADER 00000nla a2200000 4500
001 0239215
005 20240502073856.1
041 0 |a slo 
044 |a SK 
245 1 0 |a Schopnosti, zručnosti a postoje manažérov a ich vplyv na vodcovský potenciál  |c Katarína Procházková 
520 |a Zisťovanie zručností, schopností a postojov súčasných manažérov v slovenskej podnikateľskej praxi. Dôležitosť zručností a schopností pre výkon manažérskej praxe a rozvoj vodcovského potenciálu. Preferencie dôležitosti slovenských manažérov v oblasti osobných a pracovných hodnôt, ktoré ovplyvňujú aj správanie sa manažéra a jeho štýl vedenia. 
610 2 0 |a manažéri 
610 2 0 |a vedenie ľudí 
610 2 0 |a vodcovstvo 
610 2 0 |a zručnosti 
610 2 0 |a schopnosti pracovné 
100 1 |a Procházková, Katarína, 1983-